| 000 | 00453nam a2200181Ia 4500 | ||
|---|---|---|---|
| 003 | OSt | ||
| 005 | 20230529160645.0 | ||
| 008 | 210423s2009 xx 000 0 und d | ||
| 040 | _cAL | ||
| 041 | _aeng | ||
| 082 |
_a302.2 _223 _bTANM |
||
| 100 |
_aTANEJA (V K). _9116055 |
||
| 245 | _aManagerial communication. | ||
| 260 |
_aNew Delhi _bPacific Publication _c2009 |
||
| 365 |
_b795 _cINR |
||
| 906 | _acommunication. ; Managerial | ||
| 942 |
_2ddc _cBK |
||
| 999 |
_c175418 _d175418 |
||